Ranks of the Metropolitan Police Service (Picture Quiz) Stats

 Plays Quiz not verified by Sporcle

Also try: Laughing Stocks
Challenge
Share
Tweet
Score 0/11 Timer 06:00
0 Plays Today
Number Rank % Correct
3Inspector
87.3%
9Police Constable
73.8%
1Commander
71.5%
7Police Sergeant
70%
8Chief Inspector
70%
6Superintendent
64.8%
11Chief Superintendent
61%
10Commissioner
57.7%
2Assistant Commissioner
56.9%
4Deputy Assistant Commissioner
51.7%
5Deputy Commissioner
51.3%

You're not logged in!

Compare scores with friends on all Sporcle quizzes.
Join for Free
OR
Log In

You Might Also Like...

Show Comments

Extras

Top Quizzes Today


Score Distribution

Your Account Isn't Verified!

In order to create a playlist on Sporcle, you need to verify the email address you used during registration. Go to your Sporcle Settings to finish the process.

Report this User

Report this user for behavior that violates our Community Guidelines.

Details: